| 000 | 00968 a2200229 4500 | ||
|---|---|---|---|
| 001 | 43058 | ||
| 005 | 20260407155715.0 | ||
| 008 | 260407a1951 arg spa d | ||
| 003 | AR-UNSa-BCEJYS | ||
| 040 |
_aAR-UNSa-BCEJYS _bspa _cAR-UNSa-BCEJYS |
||
| 080 |
_a330.1 _xCiencia económica. Conceptos fundamentales de teoría económica. Valor. Capital. Fondos |
||
| 245 | 1 | 0 | _aEnsayo sobre la naturaleza y significación de la ciencia económica |
| 250 | _a2a. ed. | ||
| 264 | 1 |
_aMéxico : _bFondo de Cultura Económica _c1951 |
|
| 300 |
_a214 p. _c21 cm. |
||
| 505 | _a1. Contenido de la economía - 2. Fines y medios - 3. Relatividad de las "magnitudes económicas" - 4. Naturaleza de las generalizaciones económicas - 5. Las generalizaciones económicas y la realidad - 6. Significación de la ciencia económica | ||
| 041 | _aspa | ||
| 942 | _cBK | ||
| 590 | _aniveau_biblio:m niveau_hierar:0 | ||
| 100 | 1 | _aRobbins, Lionel | |
| 700 | 1 | _aCosío Villegas, Daniel | |
| 999 |
_c3652 _d3652 |
||